000 00332pab a2200133 454500
008 180718b xxu||||| |||| 00| 0 eng d
100 _aInoguchi, Takashi
245 _aJapan's policies of interdependence
650 _a Politics
650 _a Japan
650 _aJapan - Politics
773 _aGovernment and Opposition
909 _a1873
999 _c1873
_d1873